1337 1780 1346 1200 1746 1763 1796 1184 1947 1614 1009 1284 1775 1717 1775 1984 1781 1772 1845 1361 1222 1956 1436 1867 1198 1670 1501 1696 1763 1502 1708 1649 1250 1616 1394 1685 1100 1634 1780 1920 1982 1185 1544 1758 1294 1845 1747 1491 1915 1090 1083 1925 1415 1721 1059 1173 1230 1523 1239 1081 1541 1535 1420 1283 1132 1643 1149 1400 1125 1761 1762 1225 1292 1767 1029 1065 1775 1858 1626 1528 1515 1975 1739 1230 1496 1048 1925 1249 1022 1749 1864 1623 1414 1832 1622 1799 1532 1803 1148 BCNSPRNW ULIB Ver.6.0+V

เปลี่ยนเป็นภาษาไทย

Change to English
 แสดงรายละเอียดบรรณานุกรม
  กลับหน้าหลัก

Brief Record : Get Marc (ISO 2709) : E-mail record : QR code < ปิดหน้าต่าง
LEADER : 00000nam 2200000uu 4500
001    13399124516
003     ULIB
008    150818s2542||||th 000 0 tha d
020    9789742552787 (ล.1)
020    9742552789 (ล.1)
090    นว.^bพ541ส ล.1
100 0  พัดชา
245 00 สามี เล่ม1/^cพัดชา
250    พิมพ์ครั้งที่ 2
260    กรุงเทพฯ :^bบูรพาสาส์น(1991)จำกัด,^c2542
300    528 หน้า
945    ^p350^l0^i23108
995    ทศพร
999    () ^aใช้งานได้ทุกระบบ
รายการนี้ยังไม่มีแท็ก
คุณยังไม่ได้ล็อกอิน คุณสามารถมีกิจกรรมร่วมกับเว็บไซต์ได้ แต่ต้องล็อกอินก่อน ::
  ล็อกอิน

รายการสื่อสารสนเทศ

ลำดับที่ ประเภท เลขเรียก/บาร์โค้ด สถานที่ สถานะ
1. นวนิยาย
นวนิยาย
นว. พ541ส ล.1 ฉ.1 
  Barcode: 23108
ห้องสมุดวิทยาเขตนครสวรรค์
►นวนิยาย:l:Fiction
บนชั้น

รายการใกล้เคียง
    ผู้แต่ง [พัดชา]

BibComment


ยังไม่เคยถูกคอมเมนท์

คอมเมนท์ทรัพยากรรายการนี้
  คอมเมนท์: สามี เล่ม1 พัดชา


 Copyright 2026. Bcnsprnw @Library